উপন্যাস সমগ্র ৪ / (Record no. 1473)
[ view plain ]
| 000 -LEADER | |
|---|---|
| fixed length control field | 00672nam a2200229 4500 |
| 001 - CONTROL NUMBER | |
| JCCL Control Number | 1473 |
| 003 - CONTROL NUMBER IDENTIFIER | |
| JCCL marc code | BD-JhCC |
| 005 - DATE AND TIME OF LATEST TRANSACTION | |
| control field | 20221107134024.0 |
| 008 - FIXED-LENGTH DATA ELEMENTS--GENERAL INFORMATION | |
| fixed length control field | 171019s2001 bg |||| |||| 000 0 ben d |
| 020 ## - INTERNATIONAL STANDARD BOOK NUMBER | |
| International Standard Book Number | 98481601623 |
| 035 ## - SYSTEM CONTROL NUMBER | |
| system control number | (BD-JhCC) 1473 |
| 040 ## - CATALOGING SOURCE | |
| Original cataloging agency | BD-JhCC |
| Modifying agency | BD-JhCC |
| 041 ## - LANGUAGE CODE | |
| Language code of Book | ben |
| 082 ## - DEWEY DECIMAL CLASSIFICATION NUMBER | |
| Classification number | 491.443 |
| Author mark and Year | HAQ 2001 |
| 100 ## - MAIN ENTRY--PERSONAL NAME | |
| Personal name | হক, সৈয়দ শামসুল |
| 245 ## - TITLE STATEMENT | |
| Title | উপন্যাস সমগ্র ৪ / |
| Statement of responsibility, etc | সৈয়দ শামসুল হক, |
| 260 ## - PUBLICATION, DISTRIBUTION, ETC. (IMPRINT) | |
| Place of publication, distribution, etc | ঢাকা : |
| Name of publisher, distributor, etc | অন্য প্রকাশ, |
| Date of publication, distribution, etc | 2001. |
| 300 ## - PHYSICAL DESCRIPTION | |
| Pagination | 304 p. : |
| Dimensions | 21 cm. |
| 650 ## - SUBJECT ADDED ENTRY--TOPICAL TERM | |
| Topical term or geographic name as entry element | Collection of Novel |
| 942 ## - ADDED ENTRY ELEMENTS (KOHA) | |
| Source of classification or shelving scheme | Dewey Decimal Classification |
| Koha item type | Books |
| Koha issues (borrowed), all copies | 1 |
| Source of classification or shelving scheme | volume number | Damaged status | Not for loan | Home library | Current library | Shelving location | Date of accession | Cost, normal purchase price | Total Checkouts | Full call number | Barcode | Date last seen | Date checked out | Copy number | Koha item type |
|---|---|---|---|---|---|---|---|---|---|---|---|---|---|---|---|
| Dewey Decimal Classification | V-4 | JCC Rouf Library | JCC Rouf Library | General Stacks | 10/19/2017 | 250.00 | 3 | 491.443 HAQ 2001 | 2560 | 11/13/2023 | 11/06/2023 | C-1 | Books |